000 00648nam a2200229 i 4500
001 bg
100 1 _aLILEYKO, Jerzy
245 1 0 _aDawne zbiory Zamku Królewskiego w Warszawie /
_cJerzy Lileyko.
250 _aWyd.2 popr.
260 _aWarszawa :
_bKrajowa Agencja Wydawnicza,
_c1985.
300 _a125, [3] s. :
_bil. ;
_c22x25 cm.
504 _aBibliogr.
650 9 _aSztuka
_xzbiory
_zPolska
651 9 _aWarszawa
_xZamek Królewski
_xzbiory
020 _a8303009842
040 _cBPK
041 0 _apl
080 _a73/75(4)(084.11):069.02(438)
920 _a83-03-00984-2
942 _cKS
008 s pl f |000 0 pol
999 _c40725
_d40725
856 _uhttp://koha.tu.koszalin.pl/cgi-bin/koha/opac-detail.pl?biblionumber=40725
_yKatalog online BPK